LEADER 01304nam a2200301 a 4500 001 000000123356 003 CaOOAMICUS 005 20101013142829.0 008 101013s2009 it u000 u ita r 020 $a978-88-7263-331-1 040 $aPUL$bita 082 04$a282.092 100 1 $aBarca, Alessandro.$0(OLS)http://pul/name/77652 245 13$aLa persona al centro :$bmodulazioni pedagogiche dal Magistero di Giovanni Paolo II /$cAlessandro Barca. 260 $aRoma :$bVivere In,$cstampa 2009. 300 $a177 p. ;$c21 cm 490 1 $aParva itinera ;$v41 504 $aInclude riferimenti bibliografici. 600 04$aIohannes Paulus PP.$bII,$cs.,$d1920-2005$xMagistero.$0(OLS)http://pul/subject/34705 830 0$aParva itinera ;$v41.$0(OLS)http://pul/title/65163 850 $aPUL 852 $aPUL$W1$xDP2 Religione 3$y114$m282. 092 BARAL 1$j141967$qDDC 21$B140937$CPULBib$Z2$F140937 $H114436 $82 941 1 $a9 996 $6020$a978-88-7263-331-1$9(OLS)http://pul/number/145612 996 $6082$a282.092$9(OLS)http://pul/classification/402 996 $6245$aLa persona al centro :$bmodulazioni pedagogiche dal Magistero di Giovanni Paolo II$9(OLS)http://pul/title/155458 996 $6260$aRoma :$bVivere In$9(OLS)http://pul/publisher/51484 LEADER 01638nam a2200361 a 4500 001 000000135837 003 CaOOAMICUS 005 20131018104110.0 008 131018s2012 vc u000 u ita r 020 $a978-88-465-0768-6 040 $aPUL$bita 041 1 $aita$hger 082 04$a230 100 1 $aZiegenaus, Anton.$0(OLS)http://pul/name/15017 240 10$aJesus Christus. Die fulle des heils. Christologie und erlosungslehre.$lItaliano.$0(OLS)http://pul/title/171723 245 10$aGesu Cristo la pienezza della salvezza :$bcristologia e soteriologia /$cAnton Ziegenaus ; testo curato per l'edizione italiana da Manfred Hauke. 260 $aCittą del Vaticano :$bLateran University Press,$c©2012. 300 $a430 p. ;$c25 cm 490 1 $aDogmatica cattolica ;$v04 504 $aBibliografia p. 367-385. 650 4$aCristologia.$0(OLS)http://pul/subject/1402 700 1 $aHauke, Manfred,$csacerdote,$d1956-$0(OLS)http://pul/name/26742 830 0$aDogmatica cattolica ;$v04.$0(OLS)http://pul/title/152501 850 $aPUL 852 $aPUL$W1$xSL Religione 3$y85$m230 COLL 4.4$j156654$qDDC 21$B155994$CPULBib$Z2$F155994 $H123036 $82 941 1 $a9 960 $aIesus Christus$91402 960 $aIesus Christus$91402 996 $6020$a978-88-465-0768-6$9(OLS)http://pul/number/153740 996 $6082$a230$9(OLS)http://pul/classification/368 996 $6245$aGesu Cristo la pienezza della salvezza :$bcristologia e soteriologia$9(OLS)http://pul/title/171724 996 $6260$aCittą del Vaticano :$bLateran University Press$9(OLS)http://pul/publisher/74585